{"text_format":"3","workbook":"xlsx","n_sheets":1,"sheets":["主材采购招标控制价"],"not_rendered":{"images":2,"defined_names":1},"read":"whole","date_system":"1900"}

{"sheet":"主材采购招标控制价","index":0,"n_rows":35,"n_cols":9,"rows_kept":35,"merged":[[0,0,0,8],[1,0,1,6],[13,10,14,10],[33,0,33,6],[34,0,34,8]]}
["主材采购 招标控制价"]
["项目名称：南昌行知中学南侧生态停车场项目-主材采购"]
["序号","材料名称","规格型号","单位","数量","含税单价（元）","税率","总价（元）","备注"]
[1,"C30预制混凝土路缘石","300mm*150mm*750mm","m",{"v":1690,"d":"1690.00"},{"v":28.5,"d":"28.50"},{"v":0.13,"d":"13%"},{"$f":"ROUND(E4*F4,2)","v":{"v":48165,"d":"48165.00"}},"路缘石"]
[2,"C30预制混凝土平石","80mm*300mm*750mm","m",{"v":1110,"d":"1110.00"},{"v":15,"d":"15.00"},{"v":0.13,"d":"13%"},{"v":16650,"d":"16650.00"},"平石"]
[3,"预制混凝土车轮限位石","250mm*250mm*500mm","个",{"v":240,"d":"240.00"},{"v":37,"d":"37.00"},{"v":0.13,"d":"13%"},{"v":8880,"d":"8880.00"},"限位石"]
[4,"花岗岩汀步板","1500mm*500mm*100mm荔枝面芝麻白","块",{"v":88,"d":"88.00"},{"v":180,"d":"180.00"},{"v":0.13,"d":"13%"},{"v":15840,"d":"15840.00"},"汀步板"]
[5,"灰色植草砖","60厚，井字型","m2",{"v":1520,"d":"1520.00"},{"v":27,"d":"27.00"},{"v":0.13,"d":"13%"},{"v":41040,"d":"41040.00"},"植草砖"]
[6,"透水砖","600mm*300mm*50mm、300mm*300mm*50mm","m2",{"v":960,"d":"960.00"},{"v":31,"d":"31.00"},{"v":0.13,"d":"13%"},{"v":29760,"d":"29760.00"},"透水砖"]
[7,"铸铁平箅","500mm*300mm，B125级","套",{"v":16,"d":"16.00"},{"v":75,"d":"75.00"},{"v":0.13,"d":"13%"},{"v":1200,"d":"1200.00"},"雨水口"]
[8,"铸铁溢流口","500mm*300mm，B125级","套",{"v":4,"d":"4.00"},{"v":95,"d":"95.00"},{"v":0.13,"d":"13%"},{"v":380,"d":"380.00"},"溢流雨水井"]
[9,"塑料检查井","φ700，B125级","套",{"v":10,"d":"10.00"},{"v":360,"d":"360.00"},{"v":0.13,"d":"13%"},{"v":3600,"d":"3600.00"},"雨水井"]
[10,"树脂井盖","φ700，B125级","套",{"v":10,"d":"10.00"},{"v":60,"d":"60.00"},{"v":0.13,"d":"13%"},{"v":600,"d":"600.00"},"雨水井"]
[11,"树脂井盖","300*300mm，B125级","套",{"v":29,"d":"29.00"},{"v":15,"d":"15.00"},{"v":0.13,"d":"13%"},{"v":435,"d":"435.00"},"路灯手孔井"]
[12,"树脂井盖","800mm*800mm，B125级","套",{"v":2,"d":"2.00"},{"v":110,"d":"110.00"},{"v":0.13,"d":"13%"},{"v":220,"d":"220.00"},"道闸手孔井"]
[13,"景观灯","H=4m 1x40W，铁制","套",{"v":26,"d":"26.00"},{"v":495,"d":"495.00"},{"v":0.13,"d":"13%"},{"v":12870,"d":"12870.00"},"景观灯"]
[14,"防水防漏电连接器","","只",{"v":26,"d":"26.00"},{"v":25,"d":"25.00"},{"v":0.13,"d":"13%"},{"v":650,"d":"650.00"},"景观灯"]
[15,"成品垃圾桶","三箱","个",{"v":4,"d":"4.00"},{"v":500,"d":"500.00"},{"v":0.13,"d":"13%"},{"v":2000,"d":"2000.00"},{"$f":"_xlfn.DISPIMG(\"ID_6D9D9B71803444EEA224E1AEDBA64B46\",1)","v":"=DISPIMG(\"ID_6D9D9B71803444EEA224E1AEDBA64B46\",1)"}]
[16,"HDPE双壁波纹管","DN200，SN8","m",{"v":210,"d":"210.00"},{"v":15.5,"d":"15.50"},{"v":0.13,"d":"13%"},{"v":3255,"d":"3255.00"},"雨水管"]
[17,"HDPE双壁波纹管","DN600，SN8","m",{"v":20,"d":"20.00"},{"v":106.5,"d":"106.50"},{"v":0.13,"d":"13%"},{"v":2130,"d":"2130.00"},"雨水管"]
[18,"HDPE双壁波纹管","DN500，SN8","m",{"v":25,"d":"25.00"},{"v":72,"d":"72.00"},{"v":0.13,"d":"13%"},{"v":1800,"d":"1800.00"},"雨水管"]
[19,"HDPE双壁波纹管","DN400，SN8","m",{"v":140,"d":"140.00"},{"v":50,"d":"50.00"},{"v":0.13,"d":"13%"},{"v":7000,"d":"7000.00"},"雨水管"]
[20,"HDPE双壁波纹管","DN300，SN8","m",{"v":105,"d":"105.00"},{"v":28,"d":"28.00"},{"v":0.13,"d":"13%"},{"v":2940,"d":"2940.00"},"雨水管"]
[21,"电力电缆","YJV-0.6/1KV 3*4","m",{"v":130,"d":"130.00"},{"v":12,"d":"12.00"},{"v":0.13,"d":"13%"},{"v":1560,"d":"1560.00"},"电力电缆"]
[22,"电力电缆","YJV-0.6/1KV 5*6","m",{"v":600,"d":"600.00"},{"v":27,"d":"27.00"},{"v":0.13,"d":"13%"},{"v":16200,"d":"16200.00"},"电力电缆"]
[23,"电力电缆","YJV-0.6/1KV 5*10","m",{"v":100,"d":"100.00"},{"v":43,"d":"43.00"},{"v":0.13,"d":"13%"},{"v":4300,"d":"4300.00"},"电力电缆"]
[24,"PVC波纹管","DN50","m",{"v":1320,"d":"1320.00"},{"v":5.5,"d":"5.50"},{"v":0.13,"d":"13%"},{"v":7260,"d":"7260.00"},"电气配管"]
[25,"热熔标线","地面标线（普通型）","m2",{"v":285,"d":"285.00"},{"v":33,"d":"33.00"},{"v":0.13,"d":"13%"},{"v":9405,"d":"9405.00"},"含划线等一切费用"]
[26,"粘层","粘层PC-3，撒布量0.3L-0.6L/㎡","m2",{"v":3220,"d":"3220.00"},{"v":1.5,"d":"1.50"},{"v":0.13,"d":"13%"},{"v":4830,"d":"4830.00"},"含喷洒等一切费用"]
[27,"沥青混凝土","细粒式","m3",{"v":128.8,"d":"128.80"},{"v":1140,"d":"1140.00"},{"v":0.13,"d":"13%"},{"v":146832,"d":"146832.00"},"含运输、摊铺等一切费用"]
[28,"沥青混凝土","中粒式","m3",{"v":193.2,"d":"193.20"},{"v":990,"d":"990.00"},{"v":0.13,"d":"13%"},{"v":191268,"d":"191268.00"},"含运输、摊铺等一切费用"]
[34,"八月桂","胸径10-11cm、高度400cm-450cm、冠幅250cm-300cm,全冠、三级分枝","株",{"v":140,"d":"140.00"},{"v":750,"d":"750.00"},{"v":0.09,"d":"9%"},{"v":105000,"d":"105000.00"},"含栽植、养护一年、措施等一切费用"]
[35,"果岭草","泥坪","m2",{"v":7927.1,"d":"7927.10"},{"v":25.5,"d":"25.50"},{"v":0.09,"d":"9%"},202141.05,"含栽植、养护一年、措施等一切费用"]
["总价（元）：",{"$nulls":6},{"$f":"SUM(H4:H33)","v":888211.05}]
["备注：1、以上含税单价均包括运、装卸到场费用；\n      2、招标数量为按设计图纸理论计量，结算按实调整；\n      3、暂估价材料结算据实调整。"]